000 00413cam a22001451 4500
082 _a658.5
_bBUF
100 1 _aBuffa, Elwood Spencer,
245 1 0 _aModern production management
_c[by] Elwood S. Buffa.
250 _a2d ed.
260 _aNew York,
_bWiley
_c[1962]
300 _axii, 636 p.
_billus.
_c24 cm.
526 _a0
_b0
_c0
_d658_500000000000000_BUF
650 0 _aFactory management.
_bMCE
942 _2ddc
_cBK
999 _c541407
_d541407